000 00923nam a2200205 4500
999 _c70826
_d70826
001 9946
003 OSt
005 20220920075639.0
007 tu
008 |||||||||||| ger
040 _aDE-2950
_cDE-2950
245 0 0 _aZentralblatt für Bibliothekswesen
_cunter ständiger Mitw. zahlr. Fachgen. d. In- u. Auslandes von Otto Hartwig u. K. Schulz (3-11: Otto Hartwig, 21-38: Paul Schwenke, 39 ff.: Aloys Bömer, Georg Leyh, Walther Schultze, 51 ff.: Georg Leyh, Walter Schultze, 53 ff.: Rudolf Buttmann, Georg Leyh)
264 _aLeipzig
_bHarrassowitz
365 _cDEM
500 _aGeneralreg. z. Jg. 21 - 40, (1904 -23). Begonnen v. Georg Leyh. Fortgef. von Paul Gehring. Leipzig 1925.
500 _aVermutlich Abgabe an Stadtbibliothek, nicht im Magazin
546 _adeutsch
942 _2z
_cZS